header

Yii application development cookbook (Record no. 9090)

MARC details
000 -LEADER
fixed length control field 01465nam a2200337 a 4500
001 - CONTROL NUMBER
control field ebr10695785
003 - CONTROL NUMBER IDENTIFIER
control field CaPaEBR
006 - FIXED-LENGTH DATA ELEMENTS--ADDITIONAL MATERIAL CHARACTERISTICS--GENERAL INFORMATION
fixed length control field m o u
007 - PHYSICAL DESCRIPTION FIXED FIELD--GENERAL INFORMATION
fixed length control field cr cn|||||||||
008 - FIXED-LENGTH DATA ELEMENTS--GENERAL INFORMATION
fixed length control field 150303s2013 enka s 001 0 eng d
020 ## - INTERNATIONAL STANDARD BOOK NUMBER
Cancelled/invalid ISBN 9781782163107
Cancelled/invalid ISBN 9781782163114 (e-book)
040 ## - CATALOGING SOURCE
Original cataloging agency CaPaEBR
Transcribing agency CaPaEBR
035 ## - SYSTEM CONTROL NUMBER
System control number (OCoLC)849934038
050 14 - LIBRARY OF CONGRESS CALL NUMBER
Classification number TK5105.888
Item number .M353 2013eb
082 04 - DEWEY DECIMAL CLASSIFICATION NUMBER
Classification number 005.276
Edition number 23
100 1# - MAIN ENTRY--PERSONAL NAME
Personal name Makarov, Aleksandr.
245 10 - TITLE STATEMENT
Title Yii application development cookbook
Medium [electronic resource] :
Remainder of title a cookbook covering both practical Yii application development tips and the most important Yii features /
Statement of responsibility, etc Alexander Makarov.
250 ## - EDITION STATEMENT
Edition statement 2nd ed.
260 ## - PUBLICATION, DISTRIBUTION, ETC. (IMPRINT)
Place of publication, distribution, etc Birmingham, U.K. :
Name of publisher, distributor, etc Packt Publishing,
Date of publication, distribution, etc c2013.
300 ## - PHYSICAL DESCRIPTION
Extent 1 online resource (iv, 394 p.) :
Other physical details ill. (some col.)
500 ## - GENERAL NOTE
General note Includes index.
General note "Quick answers to common problems"--Cover.
533 ## - REPRODUCTION NOTE
Type of reproduction Electronic reproduction.
Place of reproduction Palo Alto, Calif. :
Agency responsible for reproduction ebrary,
Date of reproduction 2015.
Note about reproduction Available via World Wide Web.
-- Access may be limited to ebrary affiliated libraries.
588 ## - SOURCE OF DESCRIPTION NOTE
Source of description note Description based on online resource; title from title page (ebrary, viewed May 24, 2013).
650 #0 - SUBJECT ADDED ENTRY--TOPICAL TERM
Topical term or geographic name as entry element Web site development.
Topical term or geographic name as entry element Application software
General subdivision Development.
655 #7 - INDEX TERM--GENRE/FORM
Genre/form data or focus term Electronic books.
Source of term local
710 2# - ADDED ENTRY--CORPORATE NAME
Corporate name or jurisdiction name as entry element ebrary, Inc.
856 40 - ELECTRONIC LOCATION AND ACCESS
Uniform Resource Identifier <a href="http://site.ebrary.com/lib/rucke/Doc?id=10695785">http://site.ebrary.com/lib/rucke/Doc?id=10695785</a>
Public note An electronic book accessible through the World Wide Web; click to view

No items available.

© 2026 Rongo University
Contact us: librarian | system librarian | Rongo university